The Lord of the Rings

Guardat en:
Dades bibliogràfiques
Autor principal: Tolkien, J. R. R (Autor)
Format: Llibre
Idioma:anglès
Publicat: Londres Harper Collins 1993
Edició:1a. ed
Matèries:
Etiquetes: Afegir etiqueta
Sense etiquetes, Sigues el primer a etiquetar aquest registre!

MARC

LEADER 00000cam a2200000 a 4500
001 UCE9932
003 CL-VaPUC
008 151112e19930000uk |||||||||||||||||eng|d
020 |a 0261102370 
082 0 4 |a 823  |b TOL  |2 21 
100 0 |a Tolkien, J. R. R  |e author  |9 554717 
245 1 0 |a The Lord of the Rings 
250 |a 1a. ed 
300 |a v 
942 |c BK 
945 |d 20151112 20:22:00  |a dcastane 
260 |a Londres  |b Harper Collins  |c 1993 
500 |a v.3: the return of the king 
650 0 |a Novelas inglesas  |9 265220 
650 0 |a Literatura inglesa  |9 312907 
583 |a last modification  |c 20151112 20:22:00  |k Rodrigo Vera 
999 |c 361574  |d 361572 
952 |0 0  |1 0  |3 erb  |4 0  |6 823_000000000000000_TOL_1993  |7 0  |8 A  |9 472165  |a BIBEDU  |b BIBEDU  |i 5249201  |l 1  |m 1  |o 823 TOL 1993  |p 5249201  |r 2023-06-22  |s 2023-06-14  |w 2019-11-24  |y BK  |z Catalogado en:20151112  |k LIT